000 02568cam a2200349 4500500
005 20260405003619.0
041 _afre
042 _adc
100 1 0 _aGrison, Thibault
_eauthor
700 1 0 _aJulliard, Virginie
_eauthor
700 1 0 _aAlié, Félix
_eauthor
700 1 0 _aEcrement, Victor
_eauthor
245 0 0 _aLa modération abusive sur Twitter
260 _c2023.
500 _a81
520 _aBien que les entreprises du web affirment soutenir une politique inclusive en matière de modération de contenus et qu’elles affirment s’engager dans la lutte contre la haine en ligne, elles sont régulièrement accusées de censure à l’encontre de communautés minorisées. Cet article étudie la façon dont les dispositifs de modération des réseaux sociaux numériques (en particulier Twitter) affectent les régimes de visibilité des LGBT et des travailleurs et travailleuses du sexe en ligne. L’étude s’appuie sur une approche en méthodes numériques dédiée au repérage et à la collecte de tweets supprimés afin de permettre la formulation d’hypothèses relatives à ce qui a suscité les suppressions conduisant à une censure abusive. Elle explore, en particulier, l’hypothèse selon laquelle certains mots clés référant à une culture sexuelle et de genre suscitent une modération automatisée en raison de leur caractère injurieux.
520 _aAlthough web companies claim to support an inclusive content moderation policy and to be committed to combating online hate, they are regularly accused of censoring minority communities. This article examines how moderation features of digital social media (particularly Twitter) affect the visibility regimes of LGBT and of sex workers online. The study uses digital methods for tracking and collecting deleted tweets, to formulate hypotheses about what prompted the deletions leading to excessive censorship. In particular, it explores the hypothesis that certain keywords referring to sexual and gender culture trigger automated moderation due to their offensive nature.
690 _aalgorithmes
690 _ahaine en ligne
690 _aLGBT
690 _améthodes numériques
690 _amodération
690 _aTwitter
690 _aalgorithms
690 _adigital methods
690 _aLGBT
690 _amoderation
690 _aonline hate
690 _aTwitter
786 0 _nRéseaux | 237 | 1 | 2023-02-10 | p. 119-149 | 0751-7971
856 4 1 _uhttps://shs.cairn.info/revue-reseaux-2023-1-page-119?lang=fr&redirect-ssocas=7080
999 _c2069279
_d2069279